Boston Bruins Leaders - Statistics

General Stats
  • This quiz has been taken 117 times
    29 since last reset
  • The average score is 55 of 100
Answer Stats
Stat Number Answer % Correct
Most Goals 427 Patrice Bergeron
95%
Most Assists 613 Patrice Bergeron
95%
Most Points 1040 Patrice Bergeron
95%
Most Games Played 1294 Patrice Bergeron
95%
Most Game Winning Goals 81 Patrice Bergeron
95%
Most Goals 395 Ray Bourque
95%
Most Assists 1111 Ray Bourque
95%
Most Points 1506 Ray Bourque
95%
Most Games Played 1518 Ray Bourque
95%
Most Game Winning Goals 60 Ray Bourque
95%
Most Games Played (Goalie) 378 Tim Thomas
95%
Most Wins 196 Tim Thomas
95%
Most Shutouts 31 Tim Thomas
95%
Best Career Save Percentage .921 Tim Thomas
95%
Best Career Goals Against Average 2.48 Tim Thomas
95%
Most Games Played (Goalie) 564 Tuukka Rask
95%
Most Wins 308 Tuukka Rask
95%
Most Shutouts 52 Tuukka Rask
95%
Best Career Save Percentage .921 Tuukka Rask
95%
Best Career Goals Against Average 2.28 Tuukka Rask
95%
Most Assists 624 Bobby Orr
90%
Most Points 888 Bobby Orr
90%
Most Goals 422 Brad Marchand
90%
Most Assists 554 Brad Marchand
90%
Most Points 976 Brad Marchand
90%
Most Games Played 1090 Brad Marchand
90%
Most Game Winning Goals 82 Brad Marchand
90%
Most Goals 420 David Pastrňák
90%
Most Assists 513 David Pastrňák
90%
Most Points 933 David Pastrňák
90%
Most Game Winning Goals 68 David Pastrňák
90%
Most Goals 459 Phil Esposito
90%
Most Assists 553 Phil Esposito
90%
Most Points 1012 Phil Esposito
90%
Most Game Winning Goals 77 Phil Esposito
90%
Most Games Played (Goalie) 245 Jeremy Swayman
76%
Most Wins 132 Jeremy Swayman
76%
Most Shutouts 18 Jeremy Swayman
76%
Best Career Save Percentage .910 Jeremy Swayman
76%
Most Games Played 1023 Zdeno Chára
76%
Best Career Save Percentage .924 Linus Ullmark
71%
Best Career Goals Against Average 2.28 Linus Ullmark
71%
Most Assists 555 David Krejčí
67%
Most Points 786 David Krejčí
67%
Most Games Played 1032 David Krejčí
67%
Most Goals 545 Johnny Bucyk
67%
Most Assists 794 Johnny Bucyk
67%
Most Points 1339 Johnny Bucyk
67%
Most Games Played 1436 Johnny Bucyk
67%
Most Game Winning Goals 88 Johnny Bucyk
67%
Most Goals 344 Cam Neely
52%
Most Game Winning Goals 56 Cam Neely
52%
Most Games Played (Goalie) 467 Tiny Thompson
43%
Most Wins 252 Tiny Thompson
43%
Most Shutouts 74 Tiny Thompson
43%
Best Career Goals Against Average 1.99 Tiny Thompson
43%
Most Games Played (Goalie) 261 Andy Moog
38%
Most Wins 136 Andy Moog
38%
Most Games Played 1052 Don Sweeney
38%
Most Games Played (Goalie) 416 Gerry Cheevers
38%
Most Wins 226 Gerry Cheevers
38%
Most Shutouts 26 Gerry Cheevers
38%
Most Goals 402 Rick Middleton
38%
Most Assists 496 Rick Middleton
38%
Most Points 898 Rick Middleton
38%
Most Games Played 881 Rick Middleton
38%
Most Game Winning Goals 52 Rick Middleton
38%
Most Games Played 891 Terry O'Reilly
38%
Best Career Save Percentage .908 Andrew Raycroft
33%
Most Goals 277 Wayne Cashman
29%
Most Assists 516 Wayne Cashman
29%
Most Points 793 Wayne Cashman
29%
Most Games Played 1027 Wayne Cashman
29%
Most Game Winning Goals 45 Dit Clapper
19%
Most Games Played (Goalie) 444 Eddie Johnston
19%
Most Wins 182 Eddie Johnston
19%
Most Shutouts 27 Eddie Johnston
19%
Most Goals 289 Ken Hodge
19%
Most Game Winning Goals 47 Ken Hodge
19%
Most Games Played (Goalie) 287 Byron Dafoe
14%
Most Wins 132 Byron Dafoe
14%
Most Shutouts 25 Byron Dafoe
14%
Best Career Save Percentage .911 Byron Dafoe
14%
Best Career Goals Against Average 2.30 Byron Dafoe
14%
Most Games Played (Goalie) 277 Gilles Gilbert
14%
Most Wins 155 Gilles Gilbert
14%
Best Career Save Percentage .918 Jaroslav Halák
14%
Best Career Goals Against Average 2.40 Jaroslav Halák
14%
Best Career Save Percentage .917 Terry Sawchuk
14%
Best Career Goals Against Average 2.53 Terry Sawchuk
14%
Best Career Save Percentage .905 Don Simmons
10%
Best Career Save Percentage .903 Harry Lumley
10%
Most Shutouts 24 Jim Henry
10%
Best Career Goals Against Average 2.53 Jim Henry
10%
Best Career Goals Against Average 2.45 Charles Stewart
5%
Most Games Played (Goalie) 444 Frank Brimsek
5%
Most Wins 230 Frank Brimsek
5%
Most Shutouts 35 Frank Brimsek
5%
Best Career Goals Against Average 2.57 Frank Brimsek
5%
Most Shutouts 19 Hal Winkler
5%
No matching quizzes found
Score Distribution
Percent of People with Each Score
Percentile by Number Answered
Your Score History
You have not taken this quiz since the last reset